| 000 | 00478nam a2200157Ia 4500 | ||
|---|---|---|---|
| 008 | 191130s1974##################000#0#eng## | ||
| 040 |
_aACL _cACL |
||
| 082 | _a582.13095487 FYS | ||
| 100 | _aFyson, P. F | ||
| 245 |
_aThe flora of the Nilgiri and pulney hill-tops (above 6,500 feet) _cP.F. Fyson |
||
| 260 |
_aDehra Dun _bBishen Singh Mahendra Pal Singh _c1974 |
||
| 300 | _a286 p. : ill | ||
| 990 | _a81421ebeac10000c4ca0a9427aedaea3 | ||
| 991 | _a195410 | ||
| 999 |
_c410349 _d410349 |
||